Homiliario bíblico

Guardat en:
Dades bibliogràfiques
Autor principal: Rahner, Karl (Autor)
Format: Llibre
Idioma:espanyol
Publicat: Barcelona Herder 1967
Matèries:
Etiquetes: Afegir etiqueta
Sense etiquetes, Sigues el primer a etiquetar aquest registre!

MARC

LEADER 00000nam a2200000 a 4500
001 UCR2018
003 CL-VaPUC
008 980109e19670000SP |||||||||||||||||spa|d
082 0 4 |a 251  |b RAH  |2 21 
100 0 |a Rahner, Karl  |e author  |9 314306 
245 1 0 |a Homiliario bíblico 
300 |a 213 p 
942 |c BK 
945 |d 19980109 00:00:00  |a jquezada 
260 |a Barcelona  |b Herder  |c 1967 
600 0 7 |a SAN JOSE  |2 CL-VaPUC  |9 399578 
600 0 7 |a JUAN BAUTISTA  |2 CL-VaPUC  |9 399579 
600 0 |a Jesús  |9 313614 
650 0 |a Predicación  |9 398079 
650 7 |a HOMILIA  |2 CL-VaPUC  |9 399580 
650 0 |a Adviento  |9 318605 
650 7 |a EPIFANIA  |2 CL-VaPUC  |9 399264 
650 7 |a SAGRADA FAMILIA  |2 CL-VaPUC  |9 399560 
650 0 |a Cuaresma   |9 399326 
650 7 |a PASCUA  |2 CL-VaPUC  |9 399265 
650 0 |a Pentecostés   |9 313600 
650 7 |a FESTIVIDAD  |2 CL-VaPUC  |9 399555 
583 |a last modification  |c 19980109 00:00:00  |k Rodrigo Vera 
999 |c 265295  |d 265293 
952 |0 0  |1 0  |4 0  |6 251_000000000000000_RAH_1967  |7 0  |8 A  |9 296160  |a BIBTEO  |b BIBTEO  |d 2019-11-20  |i 3372871  |o 251 RAH 1967  |p 3372871  |r 2025-01-17  |w 2019-11-20  |y BK  |k ICR